| 000 | 003100000a22000970004500 | ||
|---|---|---|---|
| 100 | 1 | _aPikaza Ibarrondo, Xabier (1941-) | |
| 245 | 1 | 0 | _aExorcismo, poder y evangelio : Transfondo histórico y eclesial de Mc 9,38-40 |
| 300 | _avol. 57, núm 1 (1999), Páginas 539-564 | ||
| 773 | 0 | _tEstudios Bíblicos | |
| 942 | _cANA | ||
| 999 |
_c50301 _d50301 |
||